|
|
|
|
| LEADER |
00889pam a22002538a 4500 |
| 001 |
00020898 |
| 005 |
20171026081025.0 |
| 008 |
110520s1983 ||||||Viesd |
| 041 |
0 |
# |
|a Vie
|
| 082 |
1 |
4 |
|a 891,73
|b NG430C
|
| 100 |
0 |
# |
|a Mâcarenco ,A
|
| 245 |
0 |
0 |
|a Ngọn cờ trên đỉnh tháp
|b Câu chuyện về "Trẻ Bụi Đời"
|c A. Macarenco; Người dịch : Thiệu Huy
|
| 260 |
# |
# |
|a Tp. HCM
|b Nxb Tp, Hồ Chí Minh
|c 1983
|
| 300 |
# |
# |
|a 320 tr,
|b 19 cm.
|
| 650 |
# |
4 |
|a Liên Xô
|
| 650 |
# |
4 |
|a Văn Học Hiện Đại
|
| 653 |
# |
# |
|a Tiểu Thuyết
|
| 700 |
0 |
# |
|a Thiệu Huy
|
| 852 |
# |
# |
|b Kho mượn
|j KM.0010513, KM.0010514
|
| 852 |
# |
# |
|b Kho đọc
|j KD.0006318
|
| 852 |
# |
# |
|j KD.0006318
|j KM.0010513
|j KM.0010514
|
| 910 |
# |
# |
|a HIẾU
|d 20/05/2011
|
| 980 |
# |
# |
|a Trung tâm Học liệu Lê Vũ Hùng, Trường Đại học Đồng Tháp
|